Score 0/8 Timer 00:15
1 Play Today
% Correct
Tom Hanks
93.7%
Tom Cruise
75%
Meryl Streep
66.9%
Leonardo DiCaprio
61.7%
Nicole Kidman
60.6%
Jim Carrey
42.2%
George Clooney
41.8%
Barbra Streisand
38.8%
Remove Ads.
Support Sporcle.
Get the best of Sporcle when you Go Orange. This ad-free experience offers more features, more stats, and more fun while also helping to support Sporcle. Thank you for becoming a member.

You're not logged in!

Compare scores with friends on all Sporcle quizzes.
OR
Log In

Sporcle TV

Today on Sporcle TV


Watch our educational content, quiz creation guides, and fun videos on Sporcle TV.

Show Comments

Extras

Top Quizzes Today


Score Distribution

Paid Content

Your Account Isn't Verified!

In order to create a playlist on Sporcle, you need to verify the email address you used during registration. Go to your Sporcle Settings to finish the process.

Report this User

Report this user for behavior that violates our Community Guidelines.

Details: